A kézzel készített divat, mint fenntartható fogyasztási forma – attitűdök és lehetőségek a magyar piacon
| Szerző: | |
|---|---|
| További közreműködők: | |
| Dokumentumtípus: | Diplomadolgozat |
| Kulcsszavak: | divat fenntartható fogyasztás fenntarthatóság fogyasztói magatartás kisvállalkozók |
| Online Access: | http://dolgozattar.uni-bge.hu/60389 |
MARC
| LEADER | 00000nta a2200000 i 4500 | ||
|---|---|---|---|
| 001 | dolg60389 | ||
| 005 | 20260409150523.0 | ||
| 008 | 260409suuuu hu om 000 hun d | ||
| 040 | |a BGE Dolgozattár Repozitórium |b hun | ||
| 041 | |a hu | ||
| 100 | 1 | |a Balogh Boglárka | |
| 245 | 1 | 2 | |a A kézzel készített divat, mint fenntartható fogyasztási forma – attitűdök és lehetőségek a magyar piacon |c Balogh Boglárka |h [elektronikus dokumentum] |
| 520 | 3 | |a A szakdolgozat a kézzel készített, fenntartható divat magyarországi helyzetét vizsgálja, különös fókuszt helyezve a fogyasztói attitűdökre és a kisvállalkozások tapasztalataira. Nyolc hazai márka alapítójával készített interjúkon keresztül mutatom be, hogyan látják a fenntarthatóságot, milyen kihívásokkal szembesülnek, és hogyan reagálnak a fogyasztók. A kutatás rávilágít arra, hogy az egyediség, minőség és tudatosság iránti igény növekszik, de a fast fashion továbbra is erős versenytársként van jelen. | |
| 695 | |a divat | ||
| 695 | |a fenntartható fogyasztás | ||
| 695 | |a fenntarthatóság | ||
| 695 | |a fogyasztói magatartás | ||
| 695 | |a kisvállalkozók | ||
| 700 | 1 | |a Kóris Dr. Rita |e ths | |
| 856 | 4 | 0 | |u http://dolgozattar.uni-bge.hu/60389/1/Szakdolgozat_YIDV4C_2025.pdf |z Dokumentum-elérés |
| 856 | 4 | 0 | |u http://dolgozattar.uni-bge.hu/60389/2/biralatilap_BaloghB.pdf |z Dokumentum-elérés |